书目信息 |
| 题名: |
金人
|
|
| 作者: | 莫尔 著 ;柯青 译 | |
| 分册: | ||
| 出版信息: | 北京 人民文学出版社 1981 |
|
| 页数: | 632页 | |
| 开本: | 21cm | |
| 丛书名: | ||
| 单 册: | ||
| 中图分类: | I515.4 | |
| 科图分类: | ||
| 主题词: | 小说--匈牙利 | |
| 电子资源: | ||
| ISBN: | ||
| 000 | 00685nam2 2200253 45 | |
| 001 | 0181008530 | |
| 005 | 20041227135505.8 | |
| 010 | @dCNY1.60 | |
| 091 | @a10019.3218 | |
| 100 | @a19950706d1981 em y0chiy0121 ea | |
| 101 | 1 | @achi@bger@chun |
| 102 | @aCN@b110000 | |
| 105 | @ay z 000ay | |
| 200 | 10 | @a金人@Ajin ren@f(匈)约卡伊·莫尔著@F(Xiong)Yue Ka Yi·Mo Er Zhu@g柯青译 |
| 210 | @a北京@c人民文学出版社@d1981 | |
| 215 | @a632页@d21cm | |
| 300 | @a约卡伊·莫尔选集 | |
| 606 | @a小说@y匈牙利 | |
| 690 | @aI515.4@v3 | |
| 701 | 0 | @a莫尔@4著 |
| 702 | 0 | @a柯青@Ake qing@4译 |
| 801 | 0 | @aCN@b上海图书馆@c20040413 |
| 801 | 2 | @aCN@bNLC@c20040413 |
| 905 | @f1@b85564@dI515.4@e2 | |
| 金人/(匈)约卡伊·莫尔著/柯青译.-北京:人民文学出版社,1981 |
| 632页;21cm |
| 约卡伊·莫尔选集 |
| ISBN :CNY1.60 |
| ● |
| 相关链接 |
|
|
|
|
正题名:金人
索取号:I515.4/2
 
预约/预借
| 序号 | 登录号 | 条形码 | 馆藏地/架位号 | 状态 | 备注 |
| 1 | 0057791 | 000334604 | 第二借阅区/ [索取号:I515.4/2] | 在馆 | |
| 2 | 0057792 | 000334597 | 第二借阅区/ [索取号:I515.4/2] | 在馆 | |
| 3 | 0057794 | 202108646 | 密集书库/ [索取号:I515.4/2] | 在馆 | |
| 4 | 0057796 | 000335079 | 第二借阅区/ [索取号:I515.4/2] | 在馆 | |
| 5 | 0057797 | 000335122 | 第二借阅区/ [索取号:I515.4/2] | 在馆 | |
| 6 | 0057798 | 000335088 | 第二借阅区/ [索取号:I515.4/2] | 在馆 | |
| 7 | 0057799 | 000334588 | 第二借阅区/ [索取号:I515.4/2] | 在馆 | |
| 8 | 0057800 | 000334579 | 第二借阅区/ [索取号:I515.4/2] | 在馆 | |
| 9 | 0085561 | 000335113 | 第二借阅区/ [索取号:I515.4/2] | 在馆 | |
| 10 | 0085562 | 000335051 | 第二借阅区/ [索取号:I515.4/2] | 在馆 | |
| 11 | 0085563 | 000335104 | 第二借阅区/ [索取号:I515.4/2] | 在馆 | |
| 12 | 0085564 | 000335060 | 第二借阅区/ [索取号:I515.4/2] | 在馆 | |
| 13 | 0085565 | 000335097 | 第一样本阅览室/ [索取号:I515.4/2] | 在馆 |